[Event "IECG TG.2003.0.14960"]
[Site "IECG email"]
[Date "2003.08.12"]
[Round "1"]
[White "Feick, William"]
[Black "Ruchay, Joachim"]
[Result "1-0"]
[WhiteElo "1350"]
[BlackElo "1213"]
[PlyCount "35"]
[EventDate "2003.08.12"]
[EventType "match (corr)"]
[EventRounds "2"]
[SourceTitle "Corr 2008"]
[Source "ChessBase"]
[SourceDate "2008.06.24"]
[SourceVersion "1"]
[SourceVersionDate "2008.06.24"]
[SourceQuality "1"]

1. d4 d5 2. Nf3 Nf6 3. e3 c5 4. c3 e6 5. Bd3 Nc6 6. Nbd2 Bd6 7. 0-0 c4 8. Bc2 a5 9. e4 Bc7 10. e5 Nd7 11. Re1 f6 12. exf6 Nxf6 13. Ne5 0-0 14. Ndf3 Nxe5 15. dxe5 Nd7 16. Bxh7+ Kxh7 17. Ng5+ Kg6 18. Qg4 1-0